| 000 | 00530nam a2200229Ia 4500 | ||
|---|---|---|---|
| 003 | IT-RoPAU | ||
| 008 | 120407s9999 xx 000 0 und d | ||
| 040 | _aIT-RoPAU | ||
| 040 | _cIT-RoPAU | ||
| 041 | _aita | ||
| 100 | _aM. Cristina Cruciani | ||
| 100 | _csr. | ||
| 245 | _aStoria e teologia della Messa in onore di Maria Regina degli Apostoli | ||
| 250 | _aRoma | ||
| 260 | _aCasa Generalizia PDDM - Cscm | ||
| 260 | _c1988 | ||
| 300 | _a105 p. | ||
| 300 | _c21 cm | ||
| 490 | _v1 | ||
| 942 | _cBK | ||
| 999 |
_c24150 _d24150 |
||